Statistics for Popular Minecraft youtubers

Click here to take the quiz!

General Stats

  • This quiz has been taken 169 times
  • The average score is 3 of 15

Answer Stats

# of subsAnswer% Correct
19.6M subs (Dream SMP)Dream
96%
29.4M subsDanTDM
51%
17.3M subs (A once popular but dead legend)PopularMMOs
22%
5.09M subs (Dream SMP)Skeppy
22%
2.6M subs (Dream SMP)BadBoyHalo
20%
9.69M subsPrestonPlayz
17%
55.5M subs (on main channel)MrBeast Gaming
16%
21.2M subsJelly
13%
10.1M subs (A dead legend)stampylonghead
9%
10.8M subs (on vlog channel)Unspeakable
9%
8.68M subsAphmau
7%
1.89M subsWisp
5%
18.4M subsLazarBeam
4%
6.76M subs (official)Minecraft
2%
5.88M subsTheAtlanticCraft
0%

Score Distribution

Percentile by Number Answered

Percent of People with Each Score

Your Score History

You have not taken this quiz